Administrowanie - Zarzadzanie - Przywództwo.

Autor sa zaoberá problémom typológie a vývojom foriem riadenia kolektívnej činnosti ľudí, najmä však riadenia osobitných celkov (systémov) ľudskej činnosti nazvaných organizáciami. Skúma aj otázku vodcovstva.

Salvato in:
Dettagli Bibliografici
Autore principale: Krzyzanowski, L.
Natura: Capitolo di libro
Lingua:polacco
Soggetti:
Tags: Aggiungi Tag
Nessun Tag, puoi essere il primo ad aggiungerne!!

MARC

LEADER 00000naa a2200000 4500
001 r010621
005 20221125122359.1
041 0 |a pol 
044 |a PL 
245 1 0 |a Administrowanie - Zarzadzanie - Przywództwo.  |c L. Krzyzanowski 
520 |a Autor sa zaoberá problémom typológie a vývojom foriem riadenia kolektívnej činnosti ľudí, najmä však riadenia osobitných celkov (systémov) ľudskej činnosti nazvaných organizáciami. Skúma aj otázku vodcovstva. 
610 2 0 |a organizácie 
610 2 0 |a riadenie 
610 2 0 |a vedenie 
610 2 0 |a právomoc 
610 2 0 |a kontrola 
610 2 0 |a pracovníci vedúci 
610 2 0 |a nástroje riadenia 
100 1 |a Krzyzanowski, L.